In quale anno? - Quiz n°7 - Statistics

Statistiche generali
  • Questo quiz è stato fatto 3 volte
  • Il punteggio medio è 4 su 8
Statistiche sulle risposte
Domanda Risposta % Corretto
L'Italia vince l'Eurovision Song Contest, ospitato a Copenaghen, Danimarca, con la canzone Non ho l'età (Per amarti) di Gigliola Cinquetti. 1964
100%
Temujin diventa Gran Khan delle tribù mongole assumendo il nome di Gengis Kahn. 1206
67%
Marsilio Ficino inizia a tradurre dal greco il Corpus Hermeticum di Ermete Trismegisto, su incarico di Cosimo de' Medici. 1462
67%
Italia: Antonio Segni è eletto Presidente della Repubblica Italiana al nono scrutinio 1962
67%
Prima guerra d'Italia: sollecitato da Ludovico il Moro, Carlo VIII di Francia scende in Italia per rivendicare i propri diritti sul regno di Napoli, strappato dagli Aragonesi agli Angioini. È l'inizio delle devastanti Guerre d'Italia. 1495
33%
Thubten Gyatso, tredicesimo Dalai Lama, dichiara l'indipendenza del Tibet. 1913
33%
Gaio Cesare incontra Fraate V, re dei Parti, con il quale stipula una pace per ottenere l'Armenia. 2
33%
Dopo che il vescovo del Montefeltro lo ebbe affrancato dai vincoli feudali, San Marino diviene un libero comune. 1351
0%
Nessun quiz corrispondente trovato
Distribuzione punteggi
Percentuale di utenti per punteggio
Percentile per numero di risposta
I tuoi punteggi nel tempo
Non hai fatto questo quiz